000
00272nam a22001337a 4500
003
SGT
082
_a
617.692
_b
G20S
100
_a
YADAV, SAPNA
245
_a
GERIATRIC DENTISTRY
260
_a
SGTU
_c
2020
300
_a
130
650
_a
PROSTHODONTICS
942
_2
ddc
_c
TH
999
_c
21143
_d
21143